[Event "1. ODEM U25 2004"]
[Site "Willingen GER"]
[Date "2004.06.02"]
[Round "6"]
[White "Hirneise, Tobias"]
[Black "Lantzsch, Christian"]
[Result "1/2-1/2"]
[Termination "normal"]
[Board "1"]
[WhiteElo "1960"]
[BlackElo "2095"]
[PlyCount "40"]
[WhiteFideId "24600881"]
[BlackFideId "4659821"]
[EventCountry "GER"]
[EventRounds "9"]
[EventType "swiss"]
[EventDate "2004.05.29"]

1. e4 c5 2. Nf3 e6 3. d4 cxd4 4. Nxd4 Nf6 5. Bd3 Nc6 6. Nxc6 bxc6 7. O-O d5 8.
e5 Nd7 9. Re1 Qb6 10. Nd2 Nc5 11. Qg4 Nxd3 12. cxd3 h5 13. Qg3 g6 14. Nb3 c5
15. Bg5 Ba6 16. h4 Be7 17. Bxe7 Kxe7 18. d4 cxd4 19. Qf4 Rhc8 20. Nxd4 Bd3
1/2-1/2

[Event "1. ODEM U25 2004"]
[Site "Willingen GER"]
[Date "2004.06.02"]
[Round "6"]
[White "Nazarenus, Moritz"]
[Black "Schafranietz, Sebastian"]
[Result "1/2-1/2"]
[Termination "normal"]
[Board "2"]
[WhiteElo "2143"]
[BlackElo "2236"]
[PlyCount "120"]
[WhiteFideId "4670540"]
[BlackFideId "4632516"]
[EventCountry "GER"]
[EventRounds "9"]
[EventType "swiss"]
[EventDate "2004.05.29"]

1. d4 Nf6 2. c4 e6 3. Nf3 b6 4. a3 Ba6 5. Qc2 Bb7 6. Nc3 c5 7. e4 cxd4 8. Nxd4
Bc5 9. Nb3 Nc6 10. Bf4 e5 11. Bg5 h6 12. Bh4 O-O 13. O-O-O a5 14. Na4 g5 15.
Bg3 Nd4 16. Nxd4 Bxd4 17. f3 Rc8 18. h4 b5 19. hxg5 Nxe4 20. Be1 Qxg5+ 21. Kb1
Ng3 22. Bxg3 Qxg3 23. Rxh6 Qg7 24. Rh4 f5 25. Bd3 e4 26. fxe4 fxe4 27. Bxe4 Rf2
28. Rd2 Rxc4 29. Nc3 Rxd2 30. Qxd2 Bxc3 31. Bd5+ Bxd5 32. Qxd5+ Kf8 33. Rxc4
bxc4 34. bxc3 Qxc3 35. Qxd7 Qb3+ 36. Kc1 Qxa3+ 37. Kc2 Qb3+ 38. Kc1 Qc3+ 39.
Kd1 Qb4 40. Qd8+ Kf7 41. Qd7+ Kf6 42. Qd4+ Ke6 43. Qe4+ Kd7 44. Qf5+ Kc7 45.
Qf7+ Kd8 46. Qd5+ Ke7 47. Qe5+ Kd7 48. Qf5+ Kc6 49. Qc8+ Kd5 50. Qf5+ Kd4 51.
Qf6+ Ke4 52. Qf3+ Ke5 53. Qe3+ Kd5 54. Qf3+ Kc5 55. Qf5+ Kb6 56. Qe6+ Ka7 57.
Qd7+ Kb8 58. Qe8+ Kc7 59. Qf7+ Kd8 60. Qd5+ Ke8 1/2-1/2

[Event "1. ODEM U25 2004"]
[Site "Willingen GER"]
[Date "2004.06.02"]
[Round "6"]
[White "Kuhn, Ulf"]
[Black "Seifert, Volker"]
[Result "0-1"]
[Termination "normal"]
[Board "3"]
[BlackTitle "FM"]
[WhiteElo "2013"]
[BlackElo "2302"]
[PlyCount "100"]
[WhiteFideId "4693604"]
[BlackFideId "4658060"]
[EventCountry "GER"]
[EventRounds "9"]
[EventType "swiss"]
[EventDate "2004.05.29"]

1. f4 d5 2. Nf3 g6 3. g3 Bg7 4. Bg2 c6 5. O-O Qb6+ 6. d4 Nh6 7. Nc3 Nf5 8. e3
Nd7 9. Qe1 Nf6 10. Ne5 Nd6 11. b3 O-O 12. Bb2 Bf5 13. Rc1 Rfc8 14. h3 Qd8 15.
g4 Be6 16. Ne2 Nfe4 17. Qh4 f6 18. Nd3 b6 19. Rfd1 Rab8 20. Qe1 Qd7 21. Kh2 Bf7
22. c4 Qe8 23. cxd5 $11 23... cxd5 24. Rxc8 Rxc8 25. Rc1 Qd7 26. Kg1 Be6 27. a4
a5 28. Kf1 Rxc1 29. Qxc1 h5 30. f5 gxf5 31. gxh5 Bf7 32. Nef4 Ng3+ 33. Kg1 Nde4
34. Bf3 Ng5 35. Bd1 Qe8 36. Qc7 Nxh5 37. Qxb6 Nxf4 38. Nxf4 e5 39. Ne2 Nxh3+
40. Kg2 Ng5 41. Bc2 f4 42. exf4 Qc8 43. Qc5 Qg4+ 44. Kf1 exf4 45. Qc7 f3 46.
Ng3 Qh3+ 47. Kf2 Qg2+ 48. Ke3 Bf8 49. Qb8 Qxc2 50. Ba3 Qc3+ 0-1

[Event "1. ODEM U25 2004"]
[Site "Willingen GER"]
[Date "2004.06.02"]
[Round "6"]
[White "Seiler, Dirk"]
[Black "Fuhrmann, Marc Andre"]
[Result "1/2-1/2"]
[Termination "normal"]
[Board "4"]
[WhiteElo "1911"]
[BlackElo "2059"]
[PlyCount "71"]
[WhiteFideId "24603155"]
[BlackFideId "4696980"]
[EventCountry "GER"]
[EventRounds "9"]
[EventType "swiss"]
[EventDate "2004.05.29"]

1. d4 d5 2. c4 c6 3. Nc3 Nf6 4. Nf3 dxc4 5. a4 Bf5 6. e3 e6 7. Bxc4 Bb4 8. O-O
Nbd7 9. Nh4 O-O 10. Nxf5 exf5 11. Qc2 g6 12. Rd1 Qc7 13. h3 a5 14. Bd2 Rfe8 15.
Rac1 Rad8 16. Bb3 Bxc3 17. Qxc3 Ra8 18. Be1 f4 19. d5 fxe3 20. fxe3 Qb6 21. Bf2
Ne4 22. Qd3 Ndc5 23. Rxc5 Nxc5 24. e4 Qxb3 25. Bxc5 Qxd3 26. Rxd3 cxd5 27. exd5
Red8 28. Bb6 Rd7 29. d6 f5 30. Bc7 Kf7 31. b4 axb4 32. a5 Rc8 33. Rb3 Kf6 34.
Rxb4 Rcxc7 35. dxc7 Rxc7 36. Rb6+ 1/2-1/2

[Event "1. ODEM U25 2004"]
[Site "Willingen GER"]
[Date "2004.06.02"]
[Round "6"]
[White "Swalve, Tilko"]
[Black "Kalla, Christian"]
[Result "0-1"]
[Termination "normal"]
[Board "5"]
[WhiteElo "1282"]
[BlackElo "1910"]
[PlyCount "66"]
[BlackFideId "24605760"]
[EventCountry "GER"]
[EventRounds "9"]
[EventType "swiss"]
[EventDate "2004.05.29"]

1. d4 Nf6 2. Nf3 g6 3. e3 Bg7 4. Be2 d5 5. O-O O-O 6. Nbd2 Nbd7 7. c3 c5 8. Ne5
cxd4 9. exd4 Nxe5 10. dxe5 Nd7 11. f4 Qb6+ 12. Kh1 Nc5 13. b4 Ne4 14. Nxe4 dxe4
15. Qd5 Bf5 16. g4 Rfd8 17. Qb3 Be6 18. c4 Rac8 19. Be3 Qc7 20. Rac1 b5 21. Bc5
Rd2 22. Qe3 Rxa2 23. Ra1 Rxe2 24. Qxe2 Bxc4 25. Qxe4 Bxf1 26. Rxf1 a5 27. Qd3
Qb7+ 28. Kg1 a4 29. Bxe7 Qxe7 30. Qxb5 Qa7+ 31. Kh1 Qa8+ 32. Kg1 Rc2 33. Rf2
Qa7 0-1

[Event "1. ODEM U25 2004"]
[Site "Willingen GER"]
[Date "2004.06.02"]
[Round "6"]
[White "Kiener, Georg"]
[Black "Lipok, Christoph"]
[Result "1/2-1/2"]
[Termination "normal"]
[Board "6"]
[WhiteElo "2008"]
[BlackElo "1824"]
[PlyCount "34"]
[BlackFideId "24620220"]
[EventCountry "GER"]
[EventRounds "9"]
[EventType "swiss"]
[EventDate "2004.05.29"]

1. e4 e6 2. d4 d5 3. Nc3 Bb4 4. e5 Ne7 5. Qg4 c5 6. dxc5 Nbc6 7. Bd2 O-O 8. Nf3
f5 9. exf6 Rxf6 10. Bg5 Rf7 11. Qh4 Bxc3+ 12. bxc3 Qa5 13. Bd2 Ng6 14. Qh5 Nf4
15. Qh4 Ng6 16. Qh5 Nf4 17. Qh4 Ng6 1/2-1/2

[Event "1. ODEM U25 2004"]
[Site "Willingen GER"]
[Date "2004.06.02"]
[Round "6"]
[White "Dorn, Matthias"]
[Black "Dahmen, Christoph"]
[Result "1-0"]
[Termination "normal"]
[Board "8"]
[WhiteElo "1762"]
[BlackElo "2023"]
[PlyCount "63"]
[WhiteFideId "24600695"]
[BlackFideId "4692160"]
[EventCountry "GER"]
[EventRounds "9"]
[EventType "swiss"]
[EventDate "2004.05.29"]

1. d4 Nf6 2. c4 g6 3. Nc3 Bg7 4. e4 O-O 5. h3 c6 6. Nf3 d5 7. cxd5 cxd5 8. e5
Ne8 9. Bd3 f6 10. Bf4 Nc6 11. Bc2 fxe5 12. Bxe5 Nxe5 13. Nxe5 Bf5 14. Bb3 Nf6
15. O-O e6 16. g4 Nxg4 17. hxg4 Bxe5 18. dxe5 Qg5 19. f4 Qh4 20. Kg2 Bxg4 21.
Qd3 Bf5 22. Qg3 Qe7 23. Rac1 a6 24. Bc2 Kh8 25. Bxf5 gxf5 26. Kf2 Rg8 27. Qh3
Qb4 28. Ne2 Qxb2 29. Rb1 Qxa2 30. Rxb7 Rg7 31. Rxg7 Kxg7 32. Rg1+ 1-0

[Event "1. ODEM U25 2004"]
[Site "Willingen GER"]
[Date "2004.06.02"]
[Round "6"]
[White "Beckmann, Emanuel"]
[Black "Zayadeh, Raphael"]
[Result "1-0"]
[Termination "normal"]
[Board "9"]
[WhiteElo "1868"]
[BlackElo "1906"]
[PlyCount "47"]
[WhiteFideId "24608025"]
[EventCountry "GER"]
[EventRounds "9"]
[EventType "swiss"]
[EventDate "2004.05.29"]

1. e4 c5 2. Nf3 e6 3. d4 cxd4 4. Nxd4 Nf6 5. Nc3 Nc6 6. Be3 Bb4 7. f3 d5 8. Bb5
O-O 9. Nxc6 bxc6 10. Bxc6 Ba6 11. Bxa8 Qxa8 12. Qd4 Bxc3+ 13. Qxc3 dxe4 14. Qa5
Qc6 15. Qc5 Qd7 16. Rd1 Qb7 17. Kf2 exf3 18. gxf3 Rc8 19. Rd2 h6 20. Qxa7 Qc6
21. Qb6 Qc4 22. Qd4 Qc6 23. Rg1 Bb7 24. Qxf6 1-0

[Event "1. ODEM U25 2004"]
[Site "Willingen GER"]
[Date "2004.06.02"]
[Round "6"]
[White "Morgenstern, Petra"]
[Black "Katte, Nicolas"]
[Result "1/2-1/2"]
[Termination "normal"]
[Board "11"]
[WhiteElo "2062"]
[BlackElo "1729"]
[PlyCount "68"]
[WhiteFideId "4690710"]
[BlackFideId "24614149"]
[EventCountry "GER"]
[EventRounds "9"]
[EventType "swiss"]
[EventDate "2004.05.29"]

1. d4 Nf6 2. c4 g6 3. Nc3 d5 4. cxd5 Nxd5 5. e4 Nxc3 6. bxc3 Bg7 7. Bc4 c5 8.
Be3 O-O 9. Rc1 Nc6 10. Ne2 Bd7 11. O-O Qc7 12. Qc2 Na5 13. Qd3 b5 14. Bd5 Rad8
15. e5 Bxe5 16. dxe5 Bc6 17. Bxf7+ Rxf7 18. Qc2 Qxe5 19. Rfd1 Rdf8 20. Rf1 Nc4
21. Bh6 Rd8 22. Rcd1 Rd6 23. Ng3 g5 24. Rxd6 exd6 25. Qc1 g4 26. Qd1 Qe6 27.
Bc1 Ne5 28. Qb3 Qxb3 29. axb3 Nd3 30. Be3 Nf4 31. Bxf4 Rxf4 32. Re1 Kf7 33. Ra1
Kg6 34. Rxa7 Bd5 1/2-1/2

[Event "1. ODEM U25 2004"]
[Site "Willingen GER"]
[Date "2004.06.02"]
[Round "6"]
[White "Alic, Miran"]
[Black "Völschow, Toni"]
[Result "0-1"]
[Termination "normal"]
[Board "12"]
[WhiteElo "2052"]
[BlackElo "1571"]
[PlyCount "82"]
[WhiteFideId "24605425"]
[BlackFideId "24622591"]
[EventCountry "GER"]
[EventRounds "9"]
[EventType "swiss"]
[EventDate "2004.05.29"]

1. e4 c5 2. Nf3 d6 3. d4 cxd4 4. Bc4 a6 5. O-O e6 6. c3 b5 7. Bb3 Bb7 8. Qe2
Ne7 9. cxd4 d5 10. exd5 Nxd5 11. Nc3 Be7 12. Be3 O-O 13. Rac1 Nb6 14. Rfd1 b4
15. Na4 Nxa4 16. Bxa4 Nd7 17. Bf4 Nf6 18. Bb3 Nd5 19. Bg3 Rc8 20. Ne5 Qa5 21.
Nc4 Qb5 22. Qg4 Nf6 23. Qh3 Rfd8 24. Ne5 Rxc1 25. Rxc1 Nd5 26. Re1 Qb6 27. Bc2
Nf6 28. Bh4 h6 29. Bxf6 Bxf6 30. Qd3 Qxd4 31. Qh7+ Kf8 32. Nf3 Bxf3 33. gxf3
Qxb2 34. Bb3 Qd2 35. Rd1 Qg5+ 36. Kf1 Rxd1+ 37. Bxd1 g6 38. Bb3 Bg7 39. Ke2
Qe5+ 40. Kd3 Qxh2 41. Bxe6 Qd6+ 0-1

[Event "1. ODEM U25 2004"]
[Site "Willingen GER"]
[Date "2004.06.02"]
[Round "6"]
[White "Fink, Leander"]
[Black "Falke, Isaak"]
[Result "1-0"]
[Termination "normal"]
[Board "13"]
[WhiteElo "1936"]
[BlackElo "1721"]
[PlyCount "45"]
[WhiteFideId "24605247"]
[BlackFideId "24614483"]
[EventCountry "GER"]
[EventRounds "9"]
[EventType "swiss"]
[EventDate "2004.05.29"]

1. e4 e5 2. Nf3 Nc6 3. d4 exd4 4. Nxd4 Qh4 5. Nc3 Bb4 6. Ndb5 Qxe4+ 7. Be2
Bxc3+ 8. bxc3 Kd8 9. O-O Nge7 10. Bd3 Qd5 11. Bf4 d6 12. c4 Qe6 13. c5 Ne5 14.
cxd6 cxd6 15. Be4 Kd7 16. Nxd6 Kc7 17. Nb5+ Kb8 18. Qd6+ Qxd6 19. Nxd6 f6 20.
Nf7 N7c6 21. Nxh8 Be6 22. Bxh7 Kc7 23. Ng6 1-0

[Event "1. ODEM U25 2004"]
[Site "Willingen GER"]
[Date "2004.06.02"]
[Round "6"]
[White "Rackisch, Daniel"]
[Black "Jannes, Alexander"]
[Result "1-0"]
[Termination "normal"]
[Board "14"]
[WhiteElo "1859"]
[BlackElo "1567"]
[PlyCount "91"]
[WhiteFideId "24609323"]
[BlackFideId "4647955"]
[EventCountry "GER"]
[EventRounds "9"]
[EventType "swiss"]
[EventDate "2004.05.29"]

1. e4 c6 2. c4 d6 3. d4 Nf6 4. Nc3 e6 5. Nf3 d5 6. e5 Nfd7 7. Be3 b6 8. cxd5
cxd5 9. Bd3 Ba6 10. Bc2 Nc6 11. a3 Na5 12. b4 Nc4 13. Ne2 Rc8 14. Bc1 Be7 15.
O-O O-O 16. Nd2 Bh4 17. Nxc4 Bxc4 18. Re1 b5 19. Nf4 Bg5 20. Qg4 Bxf4 21. Bxf4
f5 22. Qh3 Rf7 23. Re3 Nf8 24. Rg3 g6 25. Bd1 Rcc7 26. Qh6 Nd7 27. Rh3 Qf8 28.
Qg5 Qe7 29. Qg3 Nf8 30. Rh6 Nd7 31. Rh5 Rg7 32. Rh3 Rf7 33. Bh6 Nf8 34. Rh5 Kh8
35. Rg5 Kg8 36. h4 Kh8 37. h5 f4 38. Qh3 Kg8 39. hxg6 hxg6 40. Bc2 Rh7 41. Bxg6
Nxg6 42. Rxg6+ Kf7 43. Rf6+ Kg8 44. Qg4+ Rg7 45. Bxg7 Qxg7 46. Rg6 1-0

[Event "1. ODEM U25 2004"]
[Site "Willingen GER"]
[Date "2004.06.02"]
[Round "6"]
[White "Poysti, Nathanael"]
[Black "Müer, Sebastian"]
[Result "1-0"]
[Termination "normal"]
[Board "15"]
[WhiteElo "1910"]
[BlackElo "1465"]
[PlyCount "71"]
[EventCountry "GER"]
[EventRounds "9"]
[EventType "swiss"]
[EventDate "2004.05.29"]

1. c4 Nf6 2. Nf3 c5 3. e3 d6 4. d4 cxd4 5. exd4 g6 6. Be2 Bg7 7. O-O O-O 8. Nc3
Nbd7 9. h3 Re8 10. Be3 b6 11. d5 Nc5 12. Nd4 Bb7 13. Qc2 e5 14. dxe6 fxe6 15.
Bf3 Bxf3 16. Nxf3 Qe7 17. Rad1 Rad8 18. Rfe1 Qb7 19. Bg5 Rd7 20. a3 e5 21. b4
Ne6 22. Bxf6 Bxf6 23. Nd5 Be7 24. Qe4 Kf7 25. Nh2 Nc7 26. Ng4 Nxd5 27. Rxd5 Kg7
28. Re3 28... Rf8 $11 29. g3 Bg5 30. Red3 Rfd8 31. h4 Bf6 32. Qe3 Be7 33. Qh6+
Kg8 34. h5 g5 35. Qe6+ Kh8 36. Nxe5 1-0

[Event "1. ODEM U25 2004"]
[Site "Willingen GER"]
[Date "2004.06.02"]
[Round "6"]
[White "Heigermoser, Robert"]
[Black "Demmler, Julia"]
[Result "1-0"]
[Termination "normal"]
[Board "16"]
[WhiteElo "1770"]
[BlackElo "1296"]
[PlyCount "71"]
[WhiteFideId "24619132"]
[EventCountry "GER"]
[EventRounds "9"]
[EventType "swiss"]
[EventDate "2004.05.29"]

1. e4 e5 2. Nf3 Nc6 3. Bc4 Bc5 4. c3 Nf6 5. d3 d6 6. O-O O-O 7. Nbd2 a5 8. h3
Kh8 9. Re1 Ng8 10. Nf1 f5 11. Ng5 Nh6 12. Qh5 Qf6 13. Ne3 Bxe3 14. Bxe3 f4 15.
Bd2 Ne7 16. b4 Qg6 17. Qxg6 Nxg6 18. a4 Bd7 19. Bb3 Ne7 20. Nf3 Rf6 21. d4 exd4
22. cxd4 Nc6 23. b5 Nd8 24. e5 dxe5 25. dxe5 Rg6 26. Bc2 Bf5 27. Bxf5 Nxf5 28.
Bxf4 Ne7 29. Rad1 Re6 30. Ng5 Rg6 31. Rxd8+ Rxd8 32. Nf7+ Kg8 33. Nxd8 b6 34.
Rd1 Kf8 35. e6 h6 36. Bxc7 1-0

[Event "1. ODEM U25 2004"]
[Site "Willingen GER"]
[Date "2004.06.02"]
[Round "6"]
[White "Dietzen, Thomas"]
[Black "Trippe, Fabian"]
[Result "0-1"]
[Termination "normal"]
[Board "17"]
[WhiteElo "1187"]
[BlackElo "1637"]
[PlyCount "34"]
[EventCountry "GER"]
[EventRounds "9"]
[EventType "swiss"]
[EventDate "2004.05.29"]

1. d4 b6 2. c4 Bb7 3. Nc3 f5 4. e3 Nf6 5. Bd3 Bxg2 6. Bxf5 Bxh1 7. e4 e6 8. Bh3
Bb4 9. e5 Ne4 10. Bxe6 dxe6 11. Qa4+ Qd7 12. Qxb4 Qxd4 13. Qb5+ Qd7 14. Qxd7+
Nxd7 15. f3 Nxc3 16. bxc3 Nxe5 17. Kf2 O-O 0-1

[Event "1. ODEM U25 2004"]
[Site "Willingen GER"]
[Date "2004.06.02"]
[Round "6"]
[White "Zikeli, Julia"]
[Black "Reinke, Martin"]
[Result "1/2-1/2"]
[Termination "normal"]
[Board "18"]
[WhiteElo "1534"]
[BlackElo "1498"]
[PlyCount "76"]
[WhiteFideId "24622753"]
[BlackFideId "4620518"]
[EventCountry "GER"]
[EventRounds "9"]
[EventType "swiss"]
[EventDate "2004.05.29"]

1. e4 c5 2. Nf3 d6 3. d4 cxd4 4. Nxd4 Nc6 5. Nc3 Qb6 6. Nb3 Nf6 7. Be3 Qd8 8.
Bc4 g6 9. Qd2 Bg7 10. O-O-O Ne5 11. Be2 Be6 12. Nd4 Bc4 13. f4 Bxe2 14. Qxe2
Neg4 15. Bd2 Qb6 16. Be1 e5 17. fxe5 dxe5 18. Ndb5 O-O 19. h3 Qe3+ 20. Qxe3
Nxe3 21. Rd2 a6 22. Nd6 Rad8 23. g4 b5 24. b3 Ng2 25. Rxg2 Rxd6 26. Bg3 Re8 27.
a3 Rd4 28. Re2 Bh6+ 29. Kb2 Bd2 30. Rf1 Bxc3+ 31. Kxc3 Nxe4+ 32. Rxe4 Rxe4 33.
Kd3 Rd4+ 34. Ke3 Kg7 35. Bxe5+ Rxe5+ 36. Kxd4 Re2 37. Kd3 Rh2 38. Rf3 f5
1/2-1/2

[Event "1. ODEM U25 2004"]
[Site "Willingen GER"]
[Date "2004.06.02"]
[Round "6"]
[White "Häcker, Katrin"]
[Black "Gahn, Juliane"]
[Result "0-1"]
[Termination "normal"]
[Board "19"]
[WhiteElo "1140"]
[BlackElo "1433"]
[PlyCount "116"]
[WhiteFideId "24667986"]
[EventCountry "GER"]
[EventRounds "9"]
[EventType "swiss"]
[EventDate "2004.05.29"]

1. e4 c5 2. Nf3 e6 3. d4 cxd4 4. Nxd4 a6 5. Nc3 Qc7 6. g3 b5 7. a3 Bb7 8. Bg2
Nf6 9. O-O b4 10. axb4 Bxb4 11. Qd3 Bxc3 12. bxc3 d6 13. Re1 Nbd7 14. Ba3 O-O
15. Rab1 Ne5 16. Qd2 Nc4 17. Qc1 Rac8 18. Rb3 Rfd8 19. Bb2 d5 20. exd5 Bxd5 21.
Bxd5 Nxd5 22. Nf3 Nxb2 23. Qxb2 Nxc3 24. Ra3 Rd6 25. Qa1 Nd5 26. Rxa6 Rxa6 27.
Qxa6 Qxc2 28. Qb7 Qc7 29. Rb1 g6 30. Qxc7 Rxc7 31. Ng5 Re7 32. f4 f6 33. Nf3
Kg7 34. Re1 h6 35. Nd4 Kf7 36. Kf2 Re8 37. Kf3 e5 38. fxe5 fxe5 39. Nc2 Kf6 40.
g4 Kg5 41. h3 Nf4 42. Kg3 Kf6 43. h4 Rc8 44. Ne3 Rc3 45. Kf3 Nd5 46. Ke4 Rxe3+
47. Rxe3 Nxe3 48. Kxe3 h5 49. gxh5 gxh5 50. Ke4 Ke6 51. Ke3 Kf5 52. Kf3 e4+ 53.
Ke3 Ke5 54. Kf2 Kf4 55. Ke2 Kg3 56. Ke3 Kxh4 57. Kxe4 Kg3 58. Ke3 h4 0-1

[Event "1. ODEM U25 2004"]
[Site "Willingen GER"]
[Date "2004.06.02"]
[Round "6"]
[White "Frey, Steffen"]
[Black "Rafiee, Makan"]
[Result "0-1"]
[Termination "time forfeit"]
[Board "20"]
[WhiteElo "971"]
[BlackElo "2028"]
[PlyCount "76"]
[BlackFideId "24609340"]
[EventCountry "GER"]
[EventRounds "9"]
[EventType "swiss"]
[EventDate "2004.05.29"]

1. e4 c5 2. Nf3 d6 3. d4 cxd4 4. Nxd4 Nf6 5. Nc3 a6 6. Be3 e5 7. Nb3 Be6 8. f3
Be7 9. Nd5 Bxd5 10. exd5 O-O 11. Qd2 Nbd7 12. O-O-O Nb6 13. c4 Rc8 14. Bxb6
Qxb6 15. Kb1 Bd8 16. Rc1 Qa7 17. Qb4 Qb6 18. Qxb6 Bxb6 19. Bd3 Rfe8 20. Rhe1 g6
21. h3 Nh5 22. Nd2 Ba5 23. Red1 Bxd2 24. Rxd2 Nf4 25. Re1 Nxd3 26. Rxd3 Rxc4
27. g3 f5 28. f4 e4 29. Rde3 Rd4 30. g4 Rxd5 31. gxf5 gxf5 32. Kc2 Rc8+ 33. Kb1
Rdc5 34. Rg3+ Kf7 35. Rg5 Kf6 36. Reg1 d5 37. a3 e3 38. Re1 d4 0-1

[Event "1. ODEM U25 2004"]
[Site "Willingen GER"]
[Date "2004.06.02"]
[Round "6"]
[White "Völz, Michael"]
[Black "Jehle, Daniel"]
[Result "1-0"]
[Termination "normal"]
[Board "21"]
[WhiteElo "1387"]
[BlackElo "1526"]
[PlyCount "91"]
[WhiteFideId "24640107"]
[EventCountry "GER"]
[EventRounds "9"]
[EventType "swiss"]
[EventDate "2004.05.29"]

1. e4 e5 2. Nf3 Nc6 3. Bc4 Bc5 4. c3 Nf6 5. d4 exd4 6. cxd4 Bb4+ 7. Bd2 Bxd2+
8. Nbxd2 d6 9. O-O O-O 10. Qc2 Nh5 11. Rac1 Bd7 12. a3 Qf6 13. d5 Ne5 14. Nxe5
Qxe5 15. Qc3 Qxc3 16. Rxc3 Kh8 17. Re1 Rae8 18. Be2 Nf4 19. Rxc7 Bc8 20. f3 f5
21. Rc3 Rf6 22. Bb5 Ref8 23. Rec1 a6 24. Bf1 Bd7 25. Rc7 Bb5 26. Bxb5 axb5 27.
Kf1 fxe4 28. Nxe4 Rf5 29. Nxd6 Rxd5 30. Ne4 Rfd8 31. Rc8 Nd3 32. Rxd8+ Rxd8 33.
Rc7 Nxb2 34. Rxb7 Nc4 35. Rxb5 Nxa3 36. Rb6 h6 37. Kf2 Nc4 38. Ra6 Rb8 39. Ra2
Ne5 40. Kg3 Rb6 41. Rd2 Kg8 42. Rd4 Rb2 43. Rd2 Rb6 44. Rd6 Rb4 45. Rd5 Nc4 46.
Rd4 1-0

[Event "1. ODEM U25 2004"]
[Site "Willingen GER"]
[Date "2004.06.02"]
[Round "6"]
[White "Finkbeiner, Alina"]
[Black "Strohmann, Marcel"]
[Result "0-1"]
[Termination "normal"]
[Board "22"]
[WhiteElo "904"]
[BlackElo "821"]
[PlyCount "90"]
[EventCountry "GER"]
[EventRounds "9"]
[EventType "swiss"]
[EventDate "2004.05.29"]

1. e4 c6 2. d4 d5 3. exd5 cxd5 4. Nc3 Nf6 5. g3 e6 6. Bg2 Nc6 7. Bf4 Bb4 8. Nf3
Ne4 9. O-O Nxc3 10. bxc3 Bxc3 11. Rb1 f6 12. Qe2 Nxd4 13. Nxd4 Bxd4 14. Bh3 f5
15. Bxf5 Qf6 16. Qb5+ Kf7 17. Bg4 Rd8 18. Rbe1 Qe7 19. Qd3 e5 20. Qxh7 Bxg4 21.
Bh6 e4 22. h3 Bxh3 23. Bg5 Rh8 24. Qxh8 Rxh8 25. Bxe7 Bxf1 26. Rxf1 Kxe7 27.
Rd1 Bb6 28. Rxd5 Rh6 29. g4 Rg6 30. Kf1 Rxg4 31. Ke2 Rg2 32. Re5+ Kf6 33. Rxe4
Rxf2+ 34. Kd3 Kf5 35. a4 g5 36. Re8 g4 37. Rf8+ Kg5 38. Rxf2 Bxf2 39. Ke2 g3
40. Kf1 Kh4 41. Kg2 a5 42. c4 b6 43. Kh1 Kg4 44. Kg2 Bd4 45. c5 bxc5 0-1

[Event "1. ODEM U25 2004"]
[Site "Willingen GER"]
[Date "2004.06.02"]
[Round "6"]
[White "Wild, Markus"]
[Black "Jorczik, Andreas"]
[Result "1-0"]
[Termination "normal"]
[Board "23"]
[WhiteElo "1559"]
[BlackElo "1357"]
[PlyCount "87"]
[BlackFideId "24634921"]
[EventCountry "GER"]
[EventRounds "9"]
[EventType "swiss"]
[EventDate "2004.05.29"]

1. c4 e5 2. Nc3 g6 3. Nf3 Bg7 4. g3 d6 5. Bg2 f5 6. d3 Nf6 7. O-O O-O 8. Rb1
Nc6 9. b4 h6 10. b5 Ne7 11. Bd2 g5 12. e3 Ng6 13. Qc2 Bd7 14. Ne1 c6 15. bxc6
Bxc6 16. Nd5 Rb8 17. Nxf6+ Qxf6 18. Qb3 Rfc8 19. c5+ Kh8 20. cxd6 Qxd6 21. Rc1
Qd7 22. Bxc6 Rxc6 23. Rxc6 Qxc6 24. Nc2 Rd8 25. Rc1 Qd5 26. d4 Qxb3 27. axb3
exd4 28. Nxd4 Bxd4 29. exd4 f4 30. Rc7 Kg8 31. Bc3 Rb8 32. d5 Rd8 33. Rg7+ Kf8
34. Rxg6 Rxd5 35. Rxh6 f3 36. Rf6+ Ke7 37. Rxf3 b5 38. Ba5 Ke6 39. b4 a6 40.
Rc3 Rd6 41. Rc5 Kf6 42. Kg2 g4 43. Rc8 Kf7 44. Rb8 1-0

[Event "1. ODEM U25 2004"]
[Site "Willingen GER"]
[Date "2004.06.02"]
[Round "6"]
[White "Dauer, Carolin"]
[Black "Schäfer, Simon"]
[Result "1/2-1/2"]
[Termination "normal"]
[Board "24"]
[WhiteElo "1399"]
[BlackElo "1255"]
[PlyCount "39"]
[WhiteFideId "24666050"]
[EventCountry "GER"]
[EventRounds "9"]
[EventType "swiss"]
[EventDate "2004.05.29"]

1. e4 c5 2. Nc3 d6 3. g3 Nc6 4. Bg2 Bd7 5. d3 e6 6. f4 Be7 7. Nf3 Nf6 8. O-O
O-O 9. h3 Rb8 10. g4 b5 11. Ne2 a6 12. Ng3 Qc7 13. Nh2 a5 14. g5 Ne8 15. f5
exf5 16. exf5 d5 17. Bf4 Bd6 18. Bxd6 Qxd6 19. Qf3 Nd4 20. Qf2 1/2-1/2